[Event "Landesklasse Ost 2016/2017"]
[Site "?"]
[Date "2017.02.12"]
[Round "4"]
[White "Urban, Bernd"]
[Black "Kloß, Thomas"]
[Result "1/2-1/2"]
[WhiteElo "1724"]
[BlackElo "1902"]
[PlyCount "57"]
[EventDate "2017.??.??"]
[WhiteTeam "Schachklub Weida"]
[BlackTeam "SV Jenapharm Jena"]

1. c4 e5 2. Nc3 Nf6 3. Nf3 Nc6 4. e3 Bb4 5. d4 exd4 6. exd4 d5 7. Bd3 O-O 8.
O-O dxc4 9. Bxc4 Bg4 10. a3 Bxf3 11. Qxf3 Qxd4 12. Bb5 Bd6 13. Be3 Qe5 14. g3
Nd4 15. Bxd4 Qxd4 16. Qxb7 Rab8 17. Qf3 Qc5 18. a4 Qb4 19. Rab1 Rbd8 20. Rfe1
h6 21. Ne4 Nxe4 22. Rxe4 Qd2 23. b3 Qc2 24. Rd1 Bc5 25. Rxd8 Rxd8 26. Re2 Rd2
27. Bc4 Rxe2 28. Qxe2 Qxe2 29. Bxe2 1/2-1/2

[Event "Landesklasse Ost 2016/2017"]
[Site "?"]
[Date "2017.02.12"]
[Round "4"]
[White "Skarus, Steffen"]
[Black "Heine, Mario"]
[Result "0-1"]
[WhiteElo "1776"]
[BlackElo "1748"]
[PlyCount "138"]
[EventDate "2017.??.??"]
[WhiteTeam "SV Jenapharm Jena"]
[BlackTeam "Schachklub Weida"]

1. g3 Nf6 2. Bg2 d6 3. d4 c6 4. e4 Nbd7 5. Nd2 e5 6. c3 Qc7 7. Ngf3 Be7 8. O-O
O-O 9. Qc2 Re8 10. dxe5 dxe5 11. Nc4 b5 12. Ne3 Nc5 13. Nh4 Be6 14. Nhf5 Bf8
15. b4 Nb7 16. c4 bxc4 17. Nxc4 Bxb4 18. Rb1 Bf8 19. f4 Bxc4 20. Qxc4 Nd6 21.
Nxd6 Qxd6 22. fxe5 Qc5+ 23. Qxc5 Bxc5+ 24. Kh1 Ng4 25. h3 Nxe5 26. Bf4 Bd4 27.
Bxe5 Rxe5 28. Rb7 f6 29. Rc7 Rc5 30. Rd7 Be5 31. Rb1 Rb5 32. Rc1 c5 33. Bf1 Ra5
34. Bc4+ Kh8 35. Rb1 Ra3 36. Rbb7 Rxg3 37. Be6 h5 38. Bf5 c4 39. Rd1 Kg8 40.
Be6+ Kh7 41. Bxc4 Rxh3+ 42. Kg2 Rg3+ 43. Kf2 a5 44. Rh1 Kh6 45. Rb5 Rg5 46. Bd5
Rb8 47. Rhb1 Rxb5 48. Rxb5 Bd4+ 49. Kf3 Bc3 50. Rb8 f5 51. Rh8+ Kg6 52. Rc8 Be5
53. Rc6+ Kh7 54. exf5 Rxf5+ 55. Ke4 Rg5 56. Be6 Bf6 57. Bf5+ Kg8 58. Rc5 g6 59.
Be6+ Kg7 60. Rc7+ Kh6 61. Bf7 Rg4+ 62. Kf3 a4 63. Ra7 Be5 64. Ra5 Rf4+ 65. Ke3
Rxf7 66. Rxe5 Ra7 67. a3 Rb7 68. Rd5 Rb3+ 69. Rd3 h4 0-1

[Event "Landesklasse Ost 2016/2017"]
[Site "?"]
[Date "2017.02.12"]
[Round "4"]
[White "Besancon, Pascal"]
[Black "Kirmse, Horst"]
[Result "1-0"]
[WhiteElo "1528"]
[BlackElo "1437"]
[PlyCount "79"]
[EventDate "2017.??.??"]
[WhiteTeam "Schachklub Weida"]
[BlackTeam "SV Jenapharm Jena"]

1. e4 d5 2. exd5 Qxd5 3. Nc3 Qd8 4. Nf3 Nc6 5. d4 e6 6. Bf4 a6 7. d5 exd5 8.
Qxd5 Qe7+ 9. Qe4 Qxe4+ 10. Nxe4 Nb4 11. O-O-O c6 12. Bc4 Be6 13. Bxe6 fxe6 14.
c3 Nd5 15. Be5 Ngf6 16. Neg5 Ke7 17. Bd6+ Kxd6 18. Nf7+ Ke7 19. Nxh8 h6 20.
Ng6+ Kf7 21. Nfe5+ Kg8 22. Nxf8 Kxf8 23. c4 Nc7 24. Rhe1 Ke7 25. Rd3 g5 26.
Red1 h5 27. f3 g4 28. fxg4 hxg4 29. Rd7+ Nxd7 30. Rxd7+ Kf6 31. Nxg4+ Kf5 32.
Nh6+ Kg6 33. Rxc7 Kxh6 34. Rxb7 Re8 35. Rb6 e5 36. Rxc6+ Kg5 37. Rxa6 Kf4 38.
Ra3 e4 39. Kd2 Rb8 40. Rb3 1-0

[Event "Landesklasse Ost 2016/2017"]
[Site "?"]
[Date "2017.01.29"]
[Round "5"]
[White "Schmuck, Helmut"]
[Black "Kalisch, Michael"]
[Result "1/2-1/2"]
[WhiteElo "2005"]
[BlackElo "2090"]
[PlyCount "45"]
[EventDate "2017.??.??"]
[WhiteTeam "SV Empor Erfurt"]
[BlackTeam "ESV Lok Sömmerda"]

1. c4 e5 2. Nc3 Nc6 3. g3 f5 4. Bg2 Nf6 5. Nf3 g6 6. d4 e4 7. Ng5 h6 8. Nh3 g5
9. O-O Bg7 10. f3 exf3 11. exf3 O-O 12. Re1 d6 13. f4 g4 14. Nf2 h5 15. d5 Ne7
16. Be3 h4 17. Bd4 Bd7 18. b4 Ng6 19. Qd2 Nh5 20. Bxg7 Kxg7 21. Qd4+ Qf6 22.
Qxf6+ Kxf6 23. Nh1 1/2-1/2

[Event "Landesklasse Ost 2016/2017"]
[Site "?"]
[Date "2017.01.29"]
[Round "5"]
[White "Kühn, Martin"]
[Black "Taudte, Stefan"]
[Result "0-1"]
[WhiteElo "1964"]
[BlackElo "1958"]
[PlyCount "90"]
[EventDate "2017.??.??"]
[WhiteTeam "ESV Lok Sömmerda"]
[BlackTeam "SV Empor Erfurt"]

1. d4 Nf6 2. c4 c5 3. d5 e6 4. Nc3 exd5 5. cxd5 d6 6. e4 g6 7. Bd3 Bg7 8. Nge2
O-O 9. O-O Na6 10. h3 Nc7 11. a4 a6 12. f4 Bd7 13. a5 Bb5 14. Ng3 Re8 15. Qf3
Bxd3 16. Qxd3 Nb5 17. Be3 h5 18. Ra4 Qd7 19. Rc4 Nxc3 20. bxc3 Qb5 21. e5 dxe5
22. Rb1 Qxa5 23. Rxc5 Qa3 24. f5 e4 25. Qd2 b5 26. fxg6 fxg6 27. Rc7 Qd6 28.
Bf4 Qxd5 29. Qe2 Qd3 30. Qa2+ Qd5 31. c4 Qe6 32. Ne2 Kh8 33. Nd4 Qg8 34. Qe2
Nd5 35. cxd5 Bxd4+ 36. Kh2 Qxd5 37. Rd1 Rad8 38. Kh1 Qe6 39. Qd2 Bf6 40. Qe2
Rxd1+ 41. Qxd1 Re7 42. Rc2 b4 43. Rd2 e3 44. Re2 b3 45. Qd3 Qf5 0-1

[Event "Landesklasse Ost 2016/2017"]
[Site "?"]
[Date "2017.01.29"]
[Round "5"]
[White "Nicolai, Tim"]
[Black "Siegemund, Joachim"]
[Result "1-0"]
[WhiteElo "1851"]
[BlackElo "2034"]
[PlyCount "41"]
[EventDate "2017.??.??"]
[WhiteTeam "SV Empor Erfurt"]
[BlackTeam "ESV Lok Sömmerda"]

1. e4 e6 2. d4 d5 3. Nc3 Bb4 4. a3 Bxc3+ 5. bxc3 dxe4 6. f3 Nd7 7. Qe2 exf3 8.
Nxf3 Ngf6 9. Bg5 Qe7 10. Qe3 h6 11. Bh4 Nd5 12. Qd2 g5 13. Bg3 b6 14. Bb5 Kd8
15. O-O f5 16. c4 N5f6 17. Bc6 Rb8 18. Ne5 Rh7 19. Rad1 Bb7 20. Bxb7 Rxb7 21.
Nc6+ 1-0

[Event "Landesklasse Ost 2016/2017"]
[Site "?"]
[Date "2017.01.29"]
[Round "5"]
[White "Koksch, Robert"]
[Black "Strauch, Martin"]
[Result "1/2-1/2"]
[WhiteElo "1879"]
[BlackElo "1766"]
[PlyCount "39"]
[EventDate "2017.??.??"]
[WhiteTeam "ESV Lok Sömmerda"]
[BlackTeam "SV Empor Erfurt"]

1. d4 Nf6 2. c4 c5 3. d5 b5 4. cxb5 a6 5. b6 d6 6. Nc3 g6 7. e4 Bg7 8. f4 O-O
9. Nf3 Nbd7 10. a4 a5 11. Bb5 Ba6 12. Qd3 Bxb5 13. Nxb5 Nxb6 14. O-O Ne8 15.
Rd1 Nc7 16. Nc3 Na6 17. Be3 Nb4 18. Qe2 Qd7 19. h3 Rab8 20. Rd2 1/2-1/2

[Event "Landesklasse Ost 2016/2017"]
[Site "?"]
[Date "2017.01.29"]
[Round "5"]
[White "Thiemann, Jürgen"]
[Black "Wanzek, Daniel"]
[Result "0-1"]
[WhiteElo "1719"]
[BlackElo "2039"]
[PlyCount "54"]
[EventDate "2017.??.??"]
[WhiteTeam "SV Empor Erfurt"]
[BlackTeam "ESV Lok Sömmerda"]

1. d4 d5 2. Nf3 Nc6 3. Bf4 Bg4 4. Ne5 Nxe5 5. Bxe5 e6 6. Qd3 c6 7. Qg3 Nh6 8.
Qb3 Qd7 9. h3 Bf5 10. Nd2 f6 11. Bf4 Nf7 12. Nf3 Bd6 13. e3 e5 14. dxe5 fxe5
15. Bh2 O-O 16. Nd2 b5 17. g4 Be6 18. c3 d4 19. Qc2 dxe3 20. fxe3 Bc5 21. Bd3
Bxe3 22. Bxh7+ Kh8 23. O-O-O Rad8 24. Rhe1 Bxd2+ 25. Kb1 Ng5 26. Rxe5 Nxh7 27.
Rh5 Qd3 0-1

[Event "Landesklasse Ost 2016/2017"]
[Site "?"]
[Date "2017.01.29"]
[Round "5"]
[White "Kirste, Olaf"]
[Black "Trautmann, Johannes"]
[Result "0-1"]
[WhiteElo "1861"]
[BlackElo "1692"]
[PlyCount "110"]
[EventDate "2017.??.??"]
[WhiteTeam "ESV Lok Sömmerda"]
[BlackTeam "SV Empor Erfurt"]

1. c4 c5 2. Nf3 Nc6 3. d4 cxd4 4. Nxd4 g6 5. Nc3 Bg7 6. Nc2 Nf6 7. e4 d6 8. f3
O-O 9. Be3 Be6 10. Qd2 a6 11. Be2 Nd7 12. O-O Rc8 13. Rfc1 Nde5 14. Nd5 Bxd5
15. cxd5 Na5 16. Na3 Rxc1+ 17. Rxc1 b5 18. b4 Nb7 19. f4 Nd7 20. Rc6 Qa8 21.
Qc2 Nf6 22. Bf3 a5 23. Nxb5 axb4 24. Nc7 Qa3 25. Bc1 Qa5 26. Be3 b3 27. Qd1
bxa2 28. Bb6 a1=Q 29. Bxa5 Qxd1+ 30. Bxd1 Nxa5 31. Ra6 Nb7 32. e5 Ne4 33. exd6
Nbxd6 34. Ra8 Rxa8 35. Nxa8 Bd4+ 36. Kf1 Nb5 37. Ba4 Nbc3 38. Bc6 Nf6 39. Nc7
Bb6 40. Nb5 Nxb5 41. Bxb5 Nxd5 42. g3 Kg7 43. Kg2 f6 44. Bc6 Nb4 45. Bb7 e5 46.
Kf3 Kf7 47. fxe5 fxe5 48. g4 g5 49. Be4 h6 50. Kg3 Ke6 51. h4 Kd6 52. hxg5 hxg5
53. Kf3 Nd5 54. Bc2 Nf6 55. Bf5 Kd5 0-1

[Event "Landesklasse Ost 2016/2017"]
[Site "?"]
[Date "2017.01.29"]
[Round "5"]
[White "Geletzke, Hannah"]
[Black "Böhnke, Hartmut"]
[Result "0-1"]
[WhiteElo "1531"]
[BlackElo "1748"]
[PlyCount "66"]
[EventDate "2017.??.??"]
[WhiteTeam "SV Empor Erfurt"]
[BlackTeam "ESV Lok Sömmerda"]

1. e4 e6 2. d4 d5 3. exd5 exd5 4. Bd3 Bd6 5. Ne2 Ne7 6. Bf4 Bxf4 7. Nxf4 Qd6 8.
Qd2 O-O 9. O-O Bf5 10. Re1 Bxd3 11. Nxd3 Ng6 12. Ne5 Nd7 13. Nc3 Ndxe5 14. dxe5
Qb4 15. e6 fxe6 16. Rxe6 d4 17. Re4 Qxb2 18. Rb1 Qxc3 19. Qxc3 dxc3 20. Rxb7
Rab8 21. Reb4 Rxb7 22. Rxb7 Rd8 23. g3 Rd2 24. Rxa7 Rxc2 25. Rxc7 Ne5 26. a4
Nf3+ 27. Kg2 Ne1+ 28. Kh3 Rc1 29. Rc8+ Kf7 30. Rc7+ Ke6 31. a5 c2 32. Rc3 Ra1
33. a6 c1=Q 0-1

[Event "Landesklasse Ost 2016/2017"]
[Site "?"]
[Date "2017.01.29"]
[Round "5"]
[White "Berger, Nils"]
[Black "Bethge, Johanna"]
[Result "0-1"]
[WhiteElo "1709"]
[BlackElo "1599"]
[PlyCount "106"]
[EventDate "2017.??.??"]
[WhiteTeam "ESV Lok Sömmerda"]
[BlackTeam "SV Empor Erfurt"]

1. e4 c5 2. Nc3 d6 3. f4 Nc6 4. Bb5 e5 5. Nf3 Bg4 6. fxe5 dxe5 7. Bxc6+ bxc6 8.
O-O Bd6 9. d3 f6 10. Qe1 Be6 11. b3 Ne7 12. Ba3 Nc8 13. Na4 Nb6 14. Bxc5 Nxa4
15. Bxd6 Qxd6 16. bxa4 O-O 17. Qc3 c5 18. Nd2 Rfc8 19. Qa3 Qd4+ 20. Kh1 Qb4 21.
Qxb4 cxb4 22. Rfc1 Rc3 23. Rab1 a5 24. Nb3 Bd7 25. Kg1 Bxa4 26. Kf2 g6 27. Ke2
Bd7 28. Kd2 Be6 29. a3 Bxb3 30. Rxb3 Rxb3 31. cxb3 bxa3 32. Ra1 Rb8 33. Rxa3
Kg7 34. Kc2 Rc8+ 35. Kb2 Rc5 36. Ra4 f5 37. Rc4 Rb5 38. Ka3 Kf6 39. Ka4 Rb7 40.
Rc3 Ra7 41. Rc5 f4 42. Rxa5 Rc7 43. b4 Rc2 44. b5 Ra2+ 45. Kb4 Rxg2 46. b6 f3
47. Ra1 Rb2+ 48. Ka5 Kg5 49. Ka6 Kf4 50. Ka7 Ke3 51. b7 Kxd3 52. Re1 f2 53. Rf1
Ke2 0-1

[Event "Landesklasse Ost 2016/2017"]
[Site "?"]
[Date "2017.01.29"]
[Round "5"]
[White "Schlierf, Andre"]
[Black "Werner, Sebastian"]
[Result "1/2-1/2"]
[WhiteElo "1854"]
[BlackElo "1776"]
[PlyCount "52"]
[EventDate "2017.??.??"]
[WhiteTeam "Schachklub Weida"]
[BlackTeam "SSV Vimaria 91 Weimar"]

1. c4 e5 2. g3 Nf6 3. Bg2 d5 4. cxd5 Nxd5 5. Nc3 Nb6 6. Nf3 Nc6 7. Rb1 Be7 8.
b4 a6 9. O-O O-O 10. a3 Be6 11. d3 f5 12. Be3 Nd5 13. Nxd5 Bxd5 14. Qd2 Bf6 15.
Rfd1 Nd4 16. Nxd4 exd4 17. Bxd5+ Qxd5 18. Bf4 Qf7 19. Rdc1 Rac8 20. Rc5 Rfe8
21. Re1 g6 22. Qc2 c6 23. Qc4 Re6 24. Qa2 Rce8 25. Rc2 Kg7 26. Bc1 Qd7 1/2-1/2

[Event "Landesklasse Ost 2016/2017"]
[Site "?"]
[Date "2017.01.29"]
[Round "5"]
[White "Gräf, Michael"]
[Black "Schumann, Robert"]
[Result "0-1"]
[WhiteElo "1850"]
[BlackElo "1846"]
[PlyCount "54"]
[EventDate "2017.??.??"]
[WhiteTeam "SSV Vimaria 91 Weimar"]
[BlackTeam "Schachklub Weida"]

1. d4 d5 2. Nf3 g6 3. e3 Bg7 4. Bd3 Nd7 5. Nbd2 e5 6. dxe5 Nxe5 7. Nxe5 Bxe5 8.
Nf3 Bg7 9. O-O Ne7 10. c3 O-O 11. e4 c6 12. Bg5 Qc7 13. Re1 dxe4 14. Rxe4 Nd5
15. Bc4 Nf6 16. Rh4 Qb6 17. Bxf6 Bxf6 18. Rf4 Bf5 19. g4 Be6 20. Bxe6 fxe6 21.
Qd7 Qxb2 22. Qxe6+ Kg7 23. Rd1 Qxc3 24. Rd7+ Kh8 25. Qd6 Bg7 26. Rxf8+ Rxf8 27.
Rd8 Qxf3 0-1

[Event "Landesklasse Ost 2016/2017"]
[Site "?"]
[Date "2017.01.29"]
[Round "5"]
[White "Künzel, Andre"]
[Black "Vogel, Steffen"]
[Result "1-0"]
[WhiteElo "1869"]
[BlackElo "1820"]
[PlyCount "49"]
[EventDate "2017.??.??"]
[WhiteTeam "Schachklub Weida"]
[BlackTeam "SSV Vimaria 91 Weimar"]

1. d4 d5 2. Nf3 c6 3. e3 Nf6 4. Bd3 e6 5. Nbd2 Nbd7 6. O-O Be7 7. Re1 O-O 8. e4
dxe4 9. Nxe4 Re8 10. Neg5 Bd6 11. Ne5 Re7 12. Qf3 Nf8 13. Bf4 Nd5 14. Nexf7
Rxf7 15. Nxf7 Qf6 16. Nh6+ gxh6 17. Qg3+ Ng6 18. Bxd6 Bd7 19. Be5 Qf7 20. h4
Kf8 21. Bd6+ Ke8 22. c4 Nde7 23. h5 Nf8 24. Qe5 Rd8 25. Re3 1-0

[Event "Landesklasse Ost 2016/2017"]
[Site "?"]
[Date "2017.01.29"]
[Round "5"]
[White "Mitter, Frank"]
[Black "Heine, Robert"]
[Result "1-0"]
[WhiteElo "1814"]
[BlackElo "1581"]
[PlyCount "41"]
[EventDate "2017.??.??"]
[WhiteTeam "SSV Vimaria 91 Weimar"]
[BlackTeam "Schachklub Weida"]

1. d4 d6 2. Nf3 Nf6 3. c4 Nbd7 4. Nc3 e5 5. dxe5 dxe5 6. e4 c6 7. Qc2 Qc7 8.
Be2 Be7 9. O-O O-O 10. h3 Re8 11. Rd1 Nf8 12. Be3 Ng6 13. a3 a5 14. Na4 Be6 15.
Ng5 Nd7 16. Nxe6 fxe6 17. c5 Nf4 18. Bc4 Bg5 19. Qb3 h6 20. Bxf4 exf4 21. Bxe6+
1-0

[Event "Landesklasse Ost 2016/2017"]
[Site "?"]
[Date "2017.01.29"]
[Round "5"]
[White "Wagner, Uwe"]
[Black "Reichardt, Albert"]
[Result "1-0"]
[WhiteElo "1704"]
[BlackElo "1703"]
[PlyCount "61"]
[EventDate "2017.??.??"]
[WhiteTeam "Schachklub Weida"]
[BlackTeam "SSV Vimaria 91 Weimar"]

1. Nf3 d5 2. b3 Nf6 3. Bb2 e6 4. e3 Be7 5. Be2 O-O 6. O-O c5 7. d4 b6 8. Nbd2
Bb7 9. Rc1 Nbd7 10. c4 Rc8 11. Bd3 Rc7 12. Qe2 Qa8 13. cxd5 Nxd5 14. a3 Rfc8
15. Ba6 cxd4 16. Bxb7 Qxb7 17. Nxd4 N7f6 18. Rc4 Rxc4 19. Nxc4 Ne4 20. f3 Nc5
21. b4 Na4 22. Ba1 a6 23. Nb3 b5 24. Nb2 Nac3 25. Qd3 Qb6 26. Re1 Bg5 27. Nc5
Rd8 28. e4 Ne3 29. Qxc3 Nc4 30. Nxc4 bxc4 31. Qxg7# 1-0

[Event "Landesklasse Ost 2016/2017"]
[Site "?"]
[Date "2017.01.29"]
[Round "5"]
[White "Petigk, Falk"]
[Black "Urban, Bernd"]
[Result "1/2-1/2"]
[WhiteElo "1703"]
[BlackElo "1724"]
[PlyCount "85"]
[EventDate "2017.??.??"]
[WhiteTeam "SSV Vimaria 91 Weimar"]
[BlackTeam "Schachklub Weida"]

1. e4 c5 2. Nf3 d6 3. d4 cxd4 4. Nxd4 Nf6 5. Nc3 a6 6. f3 e5 7. Nb3 Be6 8. Be3
Be7 9. Qd2 O-O 10. O-O-O b5 11. g4 Qc7 12. g5 Nh5 13. Ne2 Nd7 14. Ng3 Nf4 15.
Bxf4 exf4 16. Qxf4 Rac8 17. Rd2 Nc5 18. Nxc5 dxc5 19. Qxc7 Rxc7 20. f4 f6 21.
h4 Bxa2 22. Nf5 Be6 23. Nxe7+ Rxe7 24. Bg2 fxg5 25. f5 Bc8 26. hxg5 Re5 27. Bf3
Bb7 28. Rdh2 Bxe4 29. Bxe4 Rxe4 30. Rxh7 Rxf5 31. g6 Kf8 32. Rg1 Re6 33. Rh8+
Ke7 34. Rg8 Ref6 35. Re1+ Kd6 36. Rxg7 Rf1 37. Kd1 Rxe1+ 38. Kxe1 Ke6 39. Ra7
Rxg6 40. Rxa6+ Kf5 41. Rxg6 Kxg6 42. Ke2 Kf5 43. Kd3 1/2-1/2

[Event "Landesklasse Ost 2016/2017"]
[Site "?"]
[Date "2017.01.29"]
[Round "5"]
[White "Heine, Mario"]
[Black "Günther, Andreas"]
[Result "0-1"]
[WhiteElo "1748"]
[BlackElo "2071"]
[PlyCount "56"]
[EventDate "2017.??.??"]
[WhiteTeam "Schachklub Weida"]
[BlackTeam "SSV Vimaria 91 Weimar"]

1. d4 f5 2. Nf3 Nf6 3. c4 g6 4. Nc3 Bg7 5. Qd3 d6 6. Bg5 Nc6 7. a3 O-O 8. Qd2
Ne4 9. Nxe4 fxe4 10. Nh4 Nxd4 11. Rd1 Bd7 12. e3 Ne6 13. f4 Qe8 14. Qd5 Qf7 15.
Rd2 Bc6 16. Qa5 b6 17. Qb4 Nc5 18. Rc2 h6 19. Bxe7 Rfe8 20. Nxg6 Qxg6 21. Bh4
Nd3+ 22. Bxd3 exd3 23. Rf2 Rxe3+ 24. Kd2 Rae8 25. Rhf1 Re2+ 26. Kd1 Qg4 27. h3
Re1+ 28. Kd2 Qd1# 0-1

[Event "Landesklasse Ost 2016/2017"]
[Site "?"]
[Date "2017.01.29"]
[Round "5"]
[White "Greger, Dominik"]
[Black "Lehmann, Volkhard"]
[Result "1-0"]
[WhiteElo "1608"]
[BlackElo "1674"]
[PlyCount "49"]
[EventDate "2017.??.??"]
[WhiteTeam "SSV Vimaria 91 Weimar"]
[BlackTeam "Schachklub Weida"]

1. d4 d5 2. Nf3 Nf6 3. e3 e6 4. Bd3 c5 5. b3 Bd6 6. Bb2 Nbd7 7. Nbd2 b6 8. Ne5
Qc7 9. f4 Bb7 10. Rc1 O-O 11. O-O Ne4 12. c4 f6 13. Nef3 Rac8 14. cxd5 exd5 15.
Nxe4 dxe4 16. Bc4+ Kh8 17. Nh4 Nb8 18. Qh5 g5 19. Ng6+ Kg7 20. fxg5 Bxh2+ 21.
Kh1 Rf7 22. gxf6+ Rxf6 23. Rxf6 hxg6 24. Qxg6+ Kh8 25. Rf7 1-0

[Event "Landesklasse Ost 2016/2017"]
[Site "?"]
[Date "2017.01.29"]
[Round "5"]
[White "Hannewald, Anton"]
[Black "Mißbach, Bernd"]
[Result "1-0"]
[WhiteElo "1961"]
[BlackElo "1916"]
[PlyCount "33"]
[EventDate "2017.??.??"]
[WhiteTeam "SC Rochade Zeulenroda"]
[BlackTeam "SV Jenapharm Jena"]

1. e4 g6 2. d4 Bg7 3. Nc3 c5 4. Nf3 cxd4 5. Nxd4 Nc6 6. Be3 Nf6 7. Bc4 d6 8. f3
O-O 9. Qd2 a6 10. O-O-O Rb8 11. Bb3 Na5 12. Bh6 Nxb3+ 13. Nxb3 Be6 14. h4 Bxb3
15. cxb3 Qa5 16. Kb1 Qh5 17. Bg5 1-0

[Event "Landesklasse Ost 2016/2017"]
[Site "?"]
[Date "2017.01.29"]
[Round "5"]
[White "Wicklein, Stefan"]
[Black "Fuchs, Antje"]
[Result "1/2-1/2"]
[WhiteElo "1938"]
[BlackElo "1921"]
[PlyCount "26"]
[EventDate "2017.??.??"]
[WhiteTeam "SV Jenapharm Jena"]
[BlackTeam "SC Rochade Zeulenroda"]

1. d4 Nf6 2. c4 g6 3. Nc3 Bg7 4. Nf3 O-O 5. e3 d6 6. Be2 Nbd7 7. O-O c5 8. b3
a6 9. Bb2 b6 10. Qc2 Qc7 11. Rad1 e6 12. Nd2 Bb7 13. Bf3 cxd4 1/2-1/2

[Event "Landesklasse Ost 2016/2017"]
[Site "?"]
[Date "2017.01.29"]
[Round "5"]
[White "Glock, Benjamin"]
[Black "Vater, Rainer"]
[Result "1/2-1/2"]
[WhiteElo "1787"]
[BlackElo "1867"]
[PlyCount "106"]
[EventDate "2017.??.??"]
[WhiteTeam "SC Rochade Zeulenroda"]
[BlackTeam "SV Jenapharm Jena"]

1. d4 d6 2. c4 e5 3. d5 f5 4. Nc3 Nf6 5. Qc2 Be7 6. e4 f4 7. Nf3 Bg4 8. Be2 a5
9. Ng5 Bd7 10. Nf3 Na6 11. g3 fxg3 12. fxg3 Nc5 13. Be3 b6 14. O-O O-O 15. Rad1
Bh3 16. Rfe1 Ng4 17. Bxc5 bxc5 18. Rd3 Qd7 19. Bf1 Bxf1 20. Rxf1 Rf7 21. Qe2
Raf8 22. h3 Nh6 23. Kg2 g5 24. Nh2 Rxf1 25. Nxf1 g4 26. hxg4 Nxg4 27. Rf3 Bg5
28. Rxf8+ Kxf8 29. Qf3+ Kg7 30. Nb5 Bd8 31. Na7 h5 32. Nc6 a4 33. Nh2 Bg5 34.
Nxg4 hxg4 35. Qd1 Be3 36. Qe2 Bg5 37. Qc2 Qf7 38. Qe2 Qd7 39. Nb8 Qc8 40. Nc6
Qd7 41. Qd1 Be3 42. Qd3 Bg5 43. b3 a3 44. b4 cxb4 45. Nxb4 Qa4 46. Nc2 Bc1 47.
Qe2 Bg5 48. Kf1 Kg6 49. Qd3 Bc1 50. Ke1 Qa7 51. Kf1 Qa4 52. Qe2 Bg5 53. Qd3 Bc1
1/2-1/2

[Event "Landesklasse Ost 2016/2017"]
[Site "?"]
[Date "2017.01.29"]
[Round "5"]
[White "Rauhut, Frank"]
[Black "Barth, Christian"]
[Result "1/2-1/2"]
[WhiteElo "1794"]
[BlackElo "1848"]
[PlyCount "148"]
[EventDate "2017.??.??"]
[WhiteTeam "SV Jenapharm Jena"]
[BlackTeam "SC Rochade Zeulenroda"]

1. d4 d5 2. c4 c6 3. cxd5 cxd5 4. Nc3 Nf6 5. Bf4 Nc6 6. e3 Bf5 7. Bd3 Bxd3 8.
Qxd3 e6 9. Nf3 Be7 10. O-O O-O 11. Rac1 Nh5 12. Bg3 a6 13. Na4 Qa5 14. Qb3 Nxg3
15. hxg3 Rab8 16. Nc5 Qc7 17. Rc3 Bd6 18. Rfc1 Qe7 19. Qc2 a5 20. a3 Na7 21.
Qa4 b6 22. Nd3 Rfc8 23. Rxc8+ Rxc8 24. Rxc8+ Nxc8 25. Qc6 Qd8 26. Nfe5 f6 27.
Nf4 Ne7 28. Qd7 Qxd7 29. Nxd7 Nc8 30. b4 Kf7 31. bxa5 g5 32. Nd3 bxa5 33. N7c5
Nb6 34. Nb7 Bxa3 35. Nxa5 Nd7 36. g4 e5 37. dxe5 fxe5 38. Nc6 Kf6 39. Kf1 Ke6
40. Nd8+ Ke7 41. Nc6+ Kf6 42. Ke2 Bd6 43. Ndb4 Nb6 44. Nc2 Na4 45. Kd2 Nc5 46.
Ke2 Nb3 47. Kd1 Bc5 48. Ne1 Bb6 49. Nd3 Bc7 50. Kc2 Na5 51. Ndxe5 Nxc6 52. Nxc6
Bb6 53. Kd3 Ke6 54. Nd4+ Kf6 55. Nf3 Bc5 56. Kc3 h6 57. Kb3 Bf8 58. Ka4 Ke6 59.
Kb3 Kf6 60. Kc3 Bc5 61. Kd3 Ke6 62. Nd4+ Kf6 63. g3 Bb6 64. Ne2 Bc5 65. Nc3 Ke6
66. f4 Bb6 67. e4 dxe4+ 68. Nxe4 gxf4 69. gxf4 Bc7 70. Ke3 h5 71. gxh5 Kf5 72.
Ng3+ Kg4 73. h6 Bxf4+ 74. Ke4 Bxh6 1/2-1/2

[Event "Landesklasse Ost 2016/2017"]
[Site "?"]
[Date "2017.01.29"]
[Round "5"]
[White "Skibbe, Diana"]
[Black "Asmykovich, Ihar"]
[Result "0-1"]
[WhiteElo "1935"]
[BlackElo "1722"]
[PlyCount "76"]
[EventDate "2017.??.??"]
[WhiteTeam "SC Rochade Zeulenroda"]
[BlackTeam "SV Jenapharm Jena"]

1. e4 c5 2. Nf3 g6 3. d4 cxd4 4. Qxd4 Nf6 5. e5 Nc6 6. Qh4 Nxe5 7. Nxe5 Qa5+ 8.
Nc3 Qxe5+ 9. Be3 Bg7 10. O-O-O O-O 11. Be2 d6 12. g4 Be6 13. Bf3 d5 14. g5 Ne4
15. Bxe4 dxe4 16. Qxe4 Qxe4 17. Nxe4 Bg4 18. Bc5 Bxd1 19. Rxd1 Rfd8 20. Rxd8+
Rxd8 21. Bxe7 Re8 22. Nf6+ Bxf6 23. Bxf6 Re1+ 24. Kd2 Rg1 25. a4 Rg2 26. Ke2
Rxh2 27. b4 Kf8 28. a5 a6 29. Ke3 Ke8 30. c3 Kd7 31. f4 Ke6 32. Be5 Kd5 33. Kd3
Rh3+ 34. Kd2 Kc4 35. Kc2 Rh2+ 36. Kd1 Kd3 37. Kc1 Rc2+ 38. Kb1 Rxc3 0-1

[Event "Landesklasse Ost 2016/2017"]
[Site "?"]
[Date "2017.01.29"]
[Round "5"]
[White "Kloß, Thomas"]
[Black "Werner, Daniel"]
[Result "1-0"]
[WhiteElo "1902"]
[BlackElo "1771"]
[PlyCount "115"]
[EventDate "2017.??.??"]
[WhiteTeam "SV Jenapharm Jena"]
[BlackTeam "SC Rochade Zeulenroda"]

1. Nf3 Nf6 2. g3 d5 3. Bg2 e6 4. O-O c5 5. d4 Nc6 6. c4 dxc4 7. Qa4 Qa5 8. Qxc4
cxd4 9. Nxd4 Nxd4 10. Qxd4 Be7 11. Nc3 O-O 12. Qc4 Qc5 13. Qxc5 Bxc5 14. Bf4 h6
15. Rac1 a6 16. Rfd1 Ng4 17. Ne4 Ba7 18. h3 e5 19. Bd2 f5 20. Nc5 Nf6 21. Nxb7
Rb8 22. Nd6 e4 23. Ba5 Bd7 24. b3 Bb6 25. Bxb6 Rxb6 26. Nc4 Re6 27. e3 Rc8 28.
Bf1 Rc5 29. Rd2 Rec6 30. Rcd1 Be6 31. Rd6 Nd5 32. Rd8+ Kh7 33. Ne5 Rb6 34. Nd7
Bxd7 35. Rxd7 Nf6 36. R7d6 Rxd6 37. Rxd6 a5 38. Bc4 Ne8 39. Rd7 Nf6 40. Rd8 Kg6
41. Kf1 Rc7 42. Rd6 Kg5 43. Ke2 h5 44. Ra6 Rc5 45. Ra7 Kg6 46. Kd2 Nd5 47. Bxd5
Rxd5+ 48. Kc3 Rc5+ 49. Kd4 Rc2 50. Rxa5 Rxf2 51. b4 Rd2+ 52. Ke5 Kg5 53. b5 Rb2
54. a4 Rb3 55. Kd4 Rd3+ 56. Kc4 Rxe3 57. b6 Rxg3 58. b7 1-0

[Event "Landesklasse Ost 2016/2017"]
[Site "?"]
[Date "2017.01.29"]
[Round "5"]
[White "Jacke, Corinna"]
[Black "Skarus, Steffen"]
[Result "1/2-1/2"]
[WhiteElo "1851"]
[BlackElo "1776"]
[PlyCount "34"]
[EventDate "2017.??.??"]
[WhiteTeam "SC Rochade Zeulenroda"]
[BlackTeam "SV Jenapharm Jena"]

1. e4 g6 2. d4 Bg7 3. Nc3 d6 4. g3 Nc6 5. Be3 e5 6. Nge2 Nf6 7. d5 Ne7 8. h3
O-O 9. Qd2 Bd7 10. O-O-O b5 11. Bg2 a5 12. g4 Nc8 13. Bh6 Nb6 14. Bxg7 Kxg7 15.
Ng3 b4 16. Nb1 Nc4 17. Qe2 Nb6 1/2-1/2

[Event "Landesklasse Ost 2016/2017"]
[Site "?"]
[Date "2017.01.29"]
[Round "5"]
[White "Thöle, Wolfgang"]
[Black "Wiedemann, Volker"]
[Result "0-1"]
[WhiteElo "1920"]
[BlackElo "1820"]
[PlyCount "76"]
[EventDate "2017.??.??"]
[WhiteTeam "SV Jenapharm Jena"]
[BlackTeam "SC Rochade Zeulenroda"]

1. e4 e6 2. d4 d5 3. exd5 exd5 4. Bd3 Bd6 5. Ne2 Ne7 6. O-O O-O 7. Bg5 c6 8.
Nd2 Qc7 9. Bxe7 Bxe7 10. Ng3 Nd7 11. f4 Nf6 12. Nf3 Qxf4 13. c3 Bd6 14. Qe1 Re8
15. Ne5 Qh4 16. Nf5 Qxe1 17. Raxe1 Bxf5 18. Bxf5 Re7 19. Ng4 Ne4 20. Nf2 Rae8
21. Nxe4 dxe4 22. Bg4 g6 23. Bd1 f5 24. g3 Kg7 25. Kg2 Kf6 26. Rf2 c5 27. d5 c4
28. Be2 Rc8 29. Rd1 a6 30. Re1 b5 31. Ref1 Rc5 32. Rd1 Ke5 33. Rdf1 Rxd5 34. g4
Rd2 35. gxf5 e3 36. Rf3 Rxe2+ 37. Kg1 Ke4 38. fxg6 Rg7 0-1